Największe miasta polski - Statystyki

Ogólne statystyki
  • Ten quiz został rozwiązany 121 razy
  • Średni wynik to 9 z 10
Statystyki odpowiedzi
Hint Odpowiedź % Poprawnych
1.792.718 Warszawa
100%
780.796 Kraków
99%
470.633 Gdańsk
96%
641.201 Wrocław
91%
530.464 Poznań
90%
396.472 Szczecin
88%
667.923 Łódź
87%
337.788 Lublin
78%
296.401 Białystok
74%
341.692 Bydgoszcz
71%
Nie znaleziono quizów pasujących do podanych kryteriów
Rozkład punktacji
Procent ludzi z każdym wynikiem
Percentyl według liczby udzielonych odpowiedzi
Twoja historia wyników
Nie rozwiązałeś tego quizu